Mẫu soạn thảo văn bản thông dụng : Hành chính - lao động - kinh tế - đất đai - xây dựng
Cuốn sách này nói về những nội dung về văn bản như mẫu văn bản hành chính, mẫu văn trong lĩnh vực dân sự, mẫu văn bản lao động, mẫu văn bản về bảo trợ xã hội.....
Na minha lista:
| Outros Autores: | |
|---|---|
| Formato: | Livro |
| Idioma: | Vietnamese |
| Publicado em: |
H.
Lao Động
2013
|
| Assuntos: | |
| Tags: |
Adicionar Tag
Sem tags, seja o primeiro a adicionar uma tag!
|
| Thư viện lưu trữ: | Thư viện Trường Đại học Nam Cần Thơ |
|---|
| LEADER | 01214nam a22002057a 4500 | ||
|---|---|---|---|
| 001 | NCT_135550 | ||
| 008 | 220608b xxu||||| |||| 00| 0 vie d | ||
| 999 | |c 6997 |d 6997 | ||
| 020 | |c 135000 | ||
| 082 | 0 | 4 | |2 23rd ed. |a 351.597 |b M125S |
| 245 | 0 | 0 | |a Mẫu soạn thảo văn bản thông dụng : |b Hành chính - lao động - kinh tế - đất đai - xây dựng |c Minh Ngọc (biên soạn) |
| 260 | |a H. |b Lao Động |c 2013 | ||
| 300 | |a 795 tr. |b Bảng |c 21cm | ||
| 520 | 3 | |a Cuốn sách này nói về những nội dung về văn bản như mẫu văn bản hành chính, mẫu văn trong lĩnh vực dân sự, mẫu văn bản lao động, mẫu văn bản về bảo trợ xã hội..... | |
| 653 | |a Luật học | ||
| 700 | 1 | |a Minh Ngọc |e Biên soạn | |
| 942 | |2 ddc |c BK | ||
| 952 | |0 0 |1 0 |2 ddc |4 0 |6 351_597000000000000_M125S |7 0 |9 24930 |a 000001 |b 000001 |d 2022-06-08 |o 351.597 M125S |p MD.19589 |r 2022-06-08 |v 135000.00 |w 2022-06-08 |y BK | ||
| 952 | |0 0 |1 0 |2 ddc |4 0 |6 351_597000000000000_M125S |7 0 |9 24946 |a 000001 |b 000001 |d 2022-06-10 |o 351.597 M125S |p MD.19590 |r 2022-06-10 |v 135000.00 |w 2022-06-10 |y BK | ||
| 980 | |a Thư viện Trường Đại học Nam Cần Thơ | ||